| 000 | 00587nam a2200157Ia 4500 | ||
|---|---|---|---|
| 008 | 180921t2018 xxu||||| |||| 00| 0 sin d | ||
| 041 | _asin | ||
| 100 | _aහ්යුගෝ, වික්ටර් | ||
| 245 | _aමරණ දඬුවමට කැප වූවකුගේ අන්තිම දවස | ||
| 260 |
_bසේරි ප්රකාශන _aකොළඹ _c2018 |
||
| 300 | _aසෙ.මි.21, පි.114 | ||
| 700 |
_aමණ්ඩාවල පඤ්ඤාවංස හිමි _eපරි. |
||
| 942 | _cBK | ||
| 999 |
_c11756 _d11756 |
||
| 003 | LK-CoDNM | ||
| 040 |
_aLK-CoDNM _dLK-CoDNM _eLK-CoDNM |
||